000 00538nam a2200181Ia 4500
003 GCL
008 140319s9999 xx 000 0 ara d
040 _aGCL /
_cGCL
082 0 4 _a810.8
_bن م
100 1 _aنجيب صالح
245 1 0 _aمحمد الفيتورى والمرايا الدائرية /
_cنجيب صالح
260 _a[S.N] :
_bالدار العربية ،
_c1984
300 _a251
490 _a
650 0 4 _aالادباء العرب فى المهجر
650 0 4 _aمحمد الفيتورى
942 _2ddc
_cBK
999 _c54762
_d54762